[Event "US Amateur Team West Championship"]
[Site "chess24.com"]
[Date "2020.02.17"]
[Round "5"]
[White "Viswanathan, Arul"]
[Black "Griffith, Kyron"]
[Result "0-1"]
[Board "2"]
[WhiteFideId "2080559"]
[WhiteElo "1837"]
[WhiteCountry "USA"]
[WhiteEloChange "-2"]
[BlackFideId "2046318"]
[BlackTitle "FM"]
[BlackElo "2343"]
[BlackCountry "USA"]
[BlackEloChange "2"]

1. d4 {[%clk 2:00:00]} Nf6 {[%clk 1:55:16]} 2. Bf4 {[%clk 1:59:56]} g6 {[%clk
1:55:16]} 3. Nc3 {[%clk 1:59:50]} d5 {[%clk 1:55:16]} 4. e3 {[%clk 1:59:50]} Bg7
{[%clk 1:55:14]} 5. Nf3 {[%clk 1:59:50]} O-O {[%clk 1:55:12]} 6. Be2 {[%clk
1:59:50]} c5 {[%clk 1:55:12]} 7. Ne5 {[%clk 1:59:50]} Nc6 {[%clk 1:55:12]} 8. O-O
{[%clk 1:59:35]} Ne8 {[%clk 1:55:12]} 9. Nxc6 {[%clk 1:58:27]} bxc6 {[%clk
1:50:59]} 10. Na4 {[%clk 1:57:51]} cxd4 {[%clk 1:50:04]} 11. exd4 {[%clk
1:57:44]} Nd6 {[%clk 1:50:04]} 12. Nc5 {[%clk 1:57:19]} f6 {[%clk 1:48:59]} 13.
Bg3 {[%clk 1:43:40]} e5 {[%clk 1:47:29]} 14. c4 {[%clk 1:37:46]} Nf5 {[%clk
1:39:35]} 15. dxe5 {[%clk 1:31:54]} fxe5 {[%clk 1:39:05]} 16. cxd5 {[%clk
1:28:03]} cxd5 {[%clk 1:38:44]} 17. Bb5 {[%clk 1:25:24]} Nd4 {[%clk 1:30:53]} 18.
Ba4 {[%clk 1:24:43]} Qb6 {[%clk 1:22:13]} 19. Nb3 {[%clk 1:23:16]} e4 {[%clk
1:09:05]} 20. Nxd4 {[%clk 1:22:10]} Bxd4 {[%clk 1:08:28]} 21. Bc6 {[%clk
1:16:25]} Be6 {[%clk 0:52:00]} 22. Bxa8 {[%clk 1:14:29]} Rxa8 {[%clk 0:52:00]}
23. Bc7 {[%clk 1:11:07]} Bxf2+ {[%clk 0:49:57]} 24. Rxf2 {[%clk 1:11:07]} Qxc7
{[%clk 0:49:57]} 25. Qd4 {[%clk 1:10:00]} Qb6 {[%clk 0:48:11]} 26. Qxb6 {[%clk
1:05:24]} axb6 {[%clk 0:48:11]} 27. Rf6 {[%clk 1:05:05]} Re8 {[%clk 0:47:09]} 28.
Re1 {[%clk 1:00:59]} Kg7 {[%clk 0:46:24]} 29. Rf2 {[%clk 1:00:32]} h5 {[%clk
0:43:09]} 30. Rd2 {[%clk 0:58:06]} Kf6 {[%clk 0:43:01]} 31. Kf2 {[%clk 0:57:58]}
Ke5 {[%clk 0:42:07]} 32. Ke3 {[%clk 0:57:49]} Ra8 {[%clk 0:41:47]} 33. a3 {[%clk
0:57:38]} Rc8 {[%clk 0:39:52]} 34. h3 {[%clk 0:56:23]} g5 {[%clk 0:37:36]} 35.
Rh1 {[%clk 0:55:39]} g4 {[%clk 0:35:21]} 36. hxg4 {[%clk 0:51:46]} Bxg4 {[%clk
0:35:18]} 37. g3 {[%clk 0:46:44]} Rf8 {[%clk 0:34:25]} 38. Rdh2 {[%clk 0:46:34]}
Rf3+ {[%clk 0:33:28]} 39. Kd2 {[%clk 0:46:34]} Rxg3 {[%clk 0:33:00]} 40. Rxh5+
{[%clk 0:46:11]} Bxh5 {[%clk 0:33:00]} 41. Rxh5+ {[%clk 0:46:11]} Kd4 {[%clk
0:32:56]} 42. Rh2 {[%clk 0:45:43]} Kc4 {[%clk 0:32:38]} 43. Rh6 {[%clk 0:44:00]}
Rg2+ {[%clk 0:31:21]} 44. Ke3 {[%clk 0:43:47]} Rxb2 {[%clk 0:30:59]} 45. Rc6+
{[%clk 0:43:44]} Kb5 {[%clk 0:30:59]} 46. Rc3 {[%clk 0:43:24]} Ka4 {[%clk
0:30:06]} 47. Kd4 {[%clk 0:42:52]} Rd2+ {[%clk 0:29:47]} 48. Ke5 {[%clk 0:42:49]}
Rd3 {[%clk 0:29:39]} 49. Rc6 {[%clk 0:42:49]} e3 {[%clk 0:29:26]} 50. Re6 {[%clk
0:42:24]} Kxa3 {[%clk 0:29:05]} 51. Kf4 {[%clk 0:42:24]} b5 {[%clk 0:28:53]} 0-1

[Event "US Amateur Team West Championship"]
[Site "chess24.com"]
[Date "2020.02.17"]
[Round "5"]
[White "Sam, Gabriel"]
[Black "Eswaran, Aksithi"]
[Result "0-1"]
[Board "3"]
[WhiteFideId "75000776"]
[WhiteElo "2290"]
[WhiteCountry "USA"]
[WhiteEloChange "-18"]
[BlackFideId "2083485"]
[BlackTitle "WCM"]
[BlackElo "1745"]
[BlackCountry "USA"]
[BlackEloChange "18"]

1. e4 {[%clk 1:59:00]} c5 {[%clk 1:59:53]} 2. Nf3 {[%clk 1:58:26]} Nc6 {[%clk
1:59:50]} 3. d4 {[%clk 1:58:14]} cxd4 {[%clk 1:59:46]} 4. Nxd4 {[%clk 1:58:12]}
Nf6 {[%clk 1:59:46]} 5. Nc3 {[%clk 1:58:09]} e5 {[%clk 1:59:46]} 6. Ndb5 {[%clk
1:58:08]} d6 {[%clk 1:59:46]} 7. Bg5 {[%clk 1:57:13]} a6 {[%clk 1:59:34]} 8. Na3
{[%clk 1:57:08]} Be6 {[%clk 1:59:33]} 9. Nc4 {[%clk 1:56:12]} Rc8 {[%clk
1:59:33]} 10. Bxf6 {[%clk 1:49:29]} Qxf6 {[%clk 1:59:16]} 11. Nb6 {[%clk
1:32:47]} Rb8 {[%clk 1:58:48]} 12. Ncd5 {[%clk 1:32:12]} Qd8 {[%clk 1:57:31]} 13.
Bc4 {[%clk 1:27:51]} Be7 {[%clk 1:55:35]} 14. O-O {[%clk 1:27:26]} O-O {[%clk
1:52:10]} 15. c3 {[%clk 1:27:12]} Bg5 {[%clk 1:44:56]} 16. g3 {[%clk 1:14:27]}
Na5 {[%clk 1:30:58]} 17. Bd3 {[%clk 1:12:16]} g6 {[%clk 1:21:48]} 18. f4 {[%clk
1:09:24]} exf4 {[%clk 1:20:25]} 19. gxf4 {[%clk 1:08:53]} Bh6 {[%clk 1:19:32]}
20. Qf3 {[%clk 1:06:45]} Nc6 {[%clk 1:05:02]} 21. a4 {[%clk 0:53:15]} Bg7 {[%clk
1:00:40]} 22. Qg3 {[%clk 0:51:00]} Nb4 {[%clk 0:43:35]} 23. a5 {[%clk 0:28:51]}
Bxd5 {[%clk 0:42:33]} 24. exd5 {[%clk 0:28:29]} Nxd3 {[%clk 0:42:32]} 25. Qxd3
{[%clk 0:28:29]} Re8 {[%clk 0:40:46]} 26. Rfe1 {[%clk 0:27:42]} Qh4 {[%clk
0:38:31]} 27. Qg3 {[%clk 0:27:13]} Qh5 {[%clk 0:36:45]} 28. Qg5 {[%clk 0:17:59]}
Qf3 {[%clk 0:32:09]} 29. Qg3 {[%clk 0:17:38]} Qh5 {[%clk 0:32:01]} 30. Re3 {[%clk
0:13:31]} Rxe3 {[%clk 0:26:33]} 31. Qxe3 {[%clk 0:13:31]} Qg4+ {[%clk 0:26:22]}
32. Qg3 {[%clk 0:12:40]} Qf5 {[%clk 0:05:30]} 33. Qe3 {[%clk 0:07:54]} Bh6 {[%clk
0:23:04]} 34. Rf1 {[%clk 0:05:15]} Kf8 {[%clk 0:19:31]} 35. Qd4 {[%clk 0:05:15]}
Kg8 {[%clk 0:18:18]} 36. Nc4 {[%clk 0:03:46]} Re8 {[%clk 0:15:53]} 37. Nxd6
{[%clk 0:01:48]} Qg4+ {[%clk 0:15:53]} 38. Kh1 {[%clk 0:01:47]} Re2 {[%clk
0:15:41]} 39. Qg1 {[%clk 0:01:13]} Qd7 {[%clk 0:14:52]} 40. Qb6 {[%clk 0:00:18]}
Bf8 {[%clk 0:14:19]} 41. Qxb7 {[%clk 0:26:13]} Qxd6 {[%clk 0:44:10]} 42. Qc6
{[%clk 0:19:56]} Qe7 {[%clk 0:42:42]} 43. Qc4 {[%clk 0:17:30]} Rxb2 {[%clk
0:41:57]} 0-1

[Event "US Amateur Team West Championship"]
[Site "chess24.com"]
[Date "2020.02.17"]
[Round "5"]
[White "Arne, Mike"]
[Black "Pan, Kevin"]
[Result "1/2-1/2"]
[Board "1"]
[WhiteFideId "2006880"]
[WhiteElo "2045"]
[WhiteCountry "USA"]
[WhiteEloChange "2"]
[BlackFideId "30915708"]
[BlackElo "2106"]
[BlackCountry "USA"]
[BlackEloChange "-2"]

1. d4 {[%clk 2:00:00]} d5 {[%clk 1:59:50]} 2. c4 {[%clk 1:59:38]} e6 {[%clk
1:59:34]} 3. cxd5 {[%clk 1:59:31]} exd5 {[%clk 1:59:31]} 4. Nc3 {[%clk 1:59:19]}
Nf6 {[%clk 1:58:19]} 5. Bg5 {[%clk 1:53:48]} c6 {[%clk 1:52:04]} 6. e3 {[%clk
1:51:57]} h6 {[%clk 1:48:23]} 7. Bh4 {[%clk 1:51:41]} Be7 {[%clk 1:46:35]} 8. Bd3
{[%clk 1:51:34]} Nbd7 {[%clk 1:40:57]} 9. Nge2 {[%clk 1:51:26]} O-O {[%clk
1:36:38]} 10. O-O {[%clk 1:51:18]} Ne4 {[%clk 1:32:49]} 11. Bxe7 {[%clk 1:41:15]}
Qxe7 {[%clk 1:31:30]} 12. Nxe4 {[%clk 1:40:45]} dxe4 {[%clk 1:31:29]} 13. Bc4
{[%clk 1:40:40]} Nf6 {[%clk 1:29:16]} 14. Nf4 {[%clk 1:29:16]} Bf5 {[%clk
1:21:30]} 15. Nh5 {[%clk 1:21:21]} 1/2-1/2

[Event "US Amateur Team West Championship"]
[Site "chess24.com"]
[Date "2020.02.17"]
[Round "5"]
[White "Mackenzie, Dana"]
[Black "Jiang, Nicholas"]
[Result "1/2-1/2"]
[Board "3"]
[WhiteFideId "2010925"]
[WhiteElo "2023"]
[WhiteCountry "USA"]
[WhiteEloChange "-7"]
[BlackFideId "30952115"]
[BlackElo "1706"]
[BlackCountry "USA"]
[BlackEloChange "7"]

1. e4 {[%clk 2:00:00]} e5 {[%clk 2:00:00]} 2. f4 {[%clk 1:59:53]} exf4 {[%clk
1:59:58]} 3. Bc4 {[%clk 0:09:29]} Qh4+ {[%clk 1:50:43]} 4. Kf1 {[%clk 1:59:38]}
d6 {[%clk 1:47:41]} 5. d4 {[%clk 1:56:33]} Bg4 {[%clk 1:35:30]} 6. Nf3 {[%clk
1:53:52]} g5 {[%clk 1:27:03]} 7. Nc3 {[%clk 1:51:58]} Bxf3 {[%clk 1:23:34]} 8.
Qxf3 {[%clk 1:38:38]} c6 {[%clk 1:15:58]} 9. Be3 {[%clk 1:22:34]} Ne7 {[%clk
1:10:08]} 10. Bf2 {[%clk 1:21:55]} Qh6 {[%clk 1:08:52]} 11. h4 {[%clk 1:13:24]}
Rg8 {[%clk 0:59:57]} 12. Ne2 {[%clk 1:03:48]} Nd7 {[%clk 0:57:02]} 13. g3 {[%clk
1:03:28]} g4 {[%clk 0:54:37]} 14. Qxf4 {[%clk 1:03:19]} Qxf4 {[%clk 0:53:00]} 15.
Nxf4 {[%clk 1:03:13]} Bh6 {[%clk 0:51:41]} 16. Be3 {[%clk 0:50:04]} Bxf4 {[%clk
0:46:29]} 17. Bxf4 {[%clk 0:49:36]} d5 {[%clk 0:46:19]} 18. exd5 {[%clk 0:48:13]}
cxd5 {[%clk 0:46:13]} 19. Bd3 {[%clk 0:44:55]} h5 {[%clk 0:45:47]} 20. Re1 {[%clk
0:44:33]} Kd8 {[%clk 0:43:46]} 21. Rh2 {[%clk 0:41:05]} Nf8 {[%clk 0:40:45]} 22.
Re5 {[%clk 0:30:00]} Ne6 {[%clk 0:38:25]} 23. Rxh5 {[%clk 0:27:26]} Nxd4 {[%clk
0:37:59]} 24. Bg5 {[%clk 0:25:51]} Nf3 {[%clk 0:34:59]} 25. Bxe7+ {[%clk
0:22:34]} Kxe7 {[%clk 0:34:10]} 26. Re2+ {[%clk 0:22:34]} Kd6 {[%clk 0:34:04]}
27. Rh6+ {[%clk 0:20:51]} Kc5 {[%clk 0:32:39]} 28. Rf6 {[%clk 0:20:48]} b5 {[%clk
0:30:07]} 29. Re7 {[%clk 0:18:12]} Rge8 {[%clk 0:28:19]} 30. Rc7+ {[%clk
0:15:12]} Kd4 {[%clk 0:28:19]} 31. Rf4+ {[%clk 0:14:13]} Ke3 {[%clk 0:28:13]} 32.
Rfxf7 {[%clk 0:12:38]} Ne5 {[%clk 0:27:48]} 33. Bxb5 {[%clk 0:10:17]} Nxf7 {[%clk
0:27:41]} 34. Bxe8 {[%clk 0:10:10]} Rxe8 {[%clk 0:27:41]} 35. Rxf7 {[%clk
0:10:05]} Rb8 {[%clk 0:27:21]} 36. b3 {[%clk 0:09:37]} Rc8 {[%clk 0:27:21]} 37.
Rf2 {[%clk 0:09:27]} d4 {[%clk 0:26:51]} 38. h5 {[%clk 0:04:41]} Rc6 {[%clk
0:24:56]} 39. Rh2 {[%clk 0:04:10]} Kf3 {[%clk 0:24:09]} 40. h6 {[%clk 0:03:59]}
d3 {[%clk 0:23:11]} 41. c4 {[%clk 0:02:07]} Rc8 {[%clk 0:22:53]} 42. h7 {[%clk
0:01:27]} Rh8 {[%clk 0:22:49]} 43. Ke1 {[%clk 0:26:56]} Kxg3 {[%clk 0:51:53]} 44.
Rh6 {[%clk 0:25:52]} Kf3 {[%clk 0:50:39]} 1/2-1/2

[Event "US Amateur Team West Championship"]
[Site "chess24.com"]
[Date "2020.02.17"]
[Round "5"]
[White "Nachiappan, Aghilan"]
[Black "Santanna, Paulo"]
[Result "0-1"]
[Board "4"]
[WhiteFideId "30915775"]
[WhiteTitle "CM"]
[WhiteElo "1594"]
[WhiteCountry "USA"]
[WhiteEloChange "-3"]
[BlackElo "1894"]
[BlackCountry "USA"]
[BlackFideId "2027402"]
[BlackEloChange "3"]

1. e4 {[%clk 1:59:59]} c5 {[%clk 1:59:42]} 2. Nf3 {[%clk 1:59:59]} g6 {[%clk
1:59:42]} 3. d4 {[%clk 1:59:59]} cxd4 {[%clk 1:59:35]} 4. Nxd4 {[%clk 1:59:26]}
Nc6 {[%clk 1:59:28]} 5. Nc3 {[%clk 1:57:54]} Bg7 {[%clk 1:59:14]} 6. Be3 {[%clk
1:57:41]} Nf6 {[%clk 1:59:03]} 7. Bc4 {[%clk 1:55:35]} O-O {[%clk 1:57:28]} 8.
O-O {[%clk 1:46:00]} Nxe4 {[%clk 1:54:41]} 9. Nxe4 {[%clk 1:32:15]} d5 {[%clk
1:54:16]} 10. Nxc6 {[%clk 1:32:13]} bxc6 {[%clk 1:54:10]} 11. Nc5 {[%clk
1:32:01]} dxc4 {[%clk 1:53:28]} 12. c3 {[%clk 1:17:12]} Bf5 {[%clk 1:45:30]} 13.
Qa4 {[%clk 1:06:10]} Qb8 {[%clk 1:39:39]} 14. Qa3 {[%clk 0:56:27]} Rd8 {[%clk
1:14:52]} 15. Rad1 {[%clk 0:48:59]} Rd5 {[%clk 1:11:39]} 16. Rd2 {[%clk 0:45:51]}
Rxd2 {[%clk 1:05:13]} 17. Bxd2 {[%clk 0:45:46]} Be5 {[%clk 1:04:56]} 18. h3
{[%clk 0:36:58]} Bh2+ {[%clk 1:04:14]} 19. Kh1 {[%clk 0:36:58]} Bd6 {[%clk
1:04:12]} 20. Be3 {[%clk 0:32:03]} Qc8 {[%clk 1:02:38]} 21. Qa6 {[%clk 0:12:57]}
Bxh3 {[%clk 0:59:26]} 22. Qxc4 {[%clk 0:12:55]} Qf5 {[%clk 0:54:41]} 23. Re1
{[%clk 0:12:38]} Bg4 {[%clk 0:51:51]} 24. f3 {[%clk 0:09:25]} Qh5+ {[%clk
0:50:49]} 25. Kg1 {[%clk 0:09:25]} Qh2+ {[%clk 0:48:35]} 26. Kf1 {[%clk 0:09:13]}
Bf5 {[%clk 0:36:42]} 27. f4 {[%clk 0:04:43]} Qh1+ {[%clk 0:33:46]} 28. Kf2 {[%clk
0:04:08]} Qh4+ {[%clk 0:33:37]} 29. Kf1 {[%clk 0:03:06]} Bxc5 {[%clk 0:32:52]}
30. Bxc5 {[%clk 0:02:44]} Rd8 {[%clk 0:32:52]} 31. Re3 {[%clk 0:01:26]} Rd1+
{[%clk 0:29:30]} 32. Ke2 {[%clk 0:01:21]} Bg4+ {[%clk 0:29:19]} 33. Rf3 {[%clk
0:01:01]} Qe1# {[%clk 0:29:15]} 0-1

[Event "US Amateur Team West Championship"]
[Site "chess24.com"]
[Date "2020.02.17"]
[Round "5"]
[White "Zhang, Nathaniel"]
[Black "Wang, Henry"]
[Result "0-1"]
[Board "1"]
[WhiteFideId "30961076"]
[WhiteElo "1900"]
[WhiteCountry "USA"]
[WhiteEloChange "-6"]
[BlackFideId "30927080"]
[BlackElo "2035"]
[BlackCountry "USA"]
[BlackEloChange "6"]

1. d4 {[%clk 1:57:47]} f5 {[%clk 2:00:00]} 2. e4 {[%clk 1:56:57]} fxe4 {[%clk
2:00:00]} 3. Nc3 {[%clk 1:56:53]} Nf6 {[%clk 2:00:00]} 4. Bg5 {[%clk 1:56:47]}
Nc6 {[%clk 1:59:49]} 5. d5 {[%clk 1:55:11]} Ne5 {[%clk 1:59:43]} 6. Qe2 {[%clk
1:54:06]} Nf7 {[%clk 1:59:17]} 7. h4 {[%clk 1:53:31]} g6 {[%clk 1:51:03]} 8.
O-O-O {[%clk 1:42:43]} Bg7 {[%clk 1:49:42]} 9. Nxe4 {[%clk 1:41:35]} O-O {[%clk
1:47:02]} 10. Bxf6 {[%clk 1:39:28]} exf6 {[%clk 1:46:37]} 11. h5 {[%clk 1:38:22]}
f5 {[%clk 1:44:19]} 12. hxg6 {[%clk 1:36:55]} hxg6 {[%clk 1:43:57]} 13. Nd2
{[%clk 1:36:00]} Qf6 {[%clk 1:21:25]} 14. c3 {[%clk 1:34:53]} Rb8 {[%clk
1:17:32]} 15. Qe3 {[%clk 1:27:24]} b5 {[%clk 1:11:34]} 16. Qxa7 {[%clk 1:27:03]}
Bb7 {[%clk 1:01:32]} 17. Nb3 {[%clk 1:23:42]} b4 {[%clk 0:58:34]} 18. Ne2 {[%clk
1:17:44]} Ba6 {[%clk 0:51:48]} 19. Ned4 {[%clk 1:11:21]} Ra8 {[%clk 0:45:09]} 20.
Qxc7 {[%clk 1:06:35]} Bxf1 {[%clk 0:31:10]} 21. Rhxf1 {[%clk 1:06:06]} bxc3
{[%clk 0:30:51]} 22. bxc3 {[%clk 1:05:03]} Rfc8 {[%clk 0:26:26]} 23. Qxd7 {[%clk
1:02:34]} Qa6 {[%clk 0:22:42]} 24. a4 {[%clk 0:39:18]} Rxc3+ {[%clk 0:22:35]} 25.
Kb2 {[%clk 0:37:19]} Qc4 {[%clk 0:20:34]} 26. Qb5 {[%clk 0:31:40]} Rxb3+ {[%clk
0:19:49]} 27. Qxb3 {[%clk 0:31:32]} Bxd4+ {[%clk 0:19:47]} 28. Rxd4 {[%clk
0:30:28]} Qxd4+ {[%clk 0:19:43]} 29. Ka3 {[%clk 0:30:19]} Nd6 {[%clk 0:18:59]}
30. Rc1 {[%clk 0:29:25]} Qa7 {[%clk 0:15:30]} 31. Rc6 {[%clk 0:28:23]} Rb8 {[%clk
0:13:35]} 32. Qd1 {[%clk 0:26:14]} Qa5 {[%clk 0:12:24]} 33. Ka2 {[%clk 0:25:26]}
Qb4 {[%clk 0:11:55]} 34. Qc2 {[%clk 0:24:48]} Ra8 {[%clk 0:11:45]} 35. Qb2 {[%clk
0:24:09]} Qxa4+ {[%clk 0:11:00]} 36. Kb1 {[%clk 0:24:09]} Qe4+ {[%clk 0:10:46]}
37. Kc1 {[%clk 0:23:53]} Qe1+ {[%clk 0:09:54]} 38. Kc2 {[%clk 0:23:53]} Qxf2+
{[%clk 0:09:48]} 39. Kc1 {[%clk 0:23:38]} Qe1+ {[%clk 0:09:13]} 40. Kc2 {[%clk
0:23:38]} Qe4+ {[%clk 0:09:02]} 41. Kc1 {[%clk 0:23:26]} Qxd5 {[%clk 0:05:21]}
42. Qb6 {[%clk 0:22:54]} Qxc6+ {[%clk 0:05:01]} 0-1

[Event "US Amateur Team West Championship"]
[Site "chess24.com"]
[Date "2020.02.17"]
[Round "5"]
[White "Cheng, Daniel"]
[Black "Sartorio, William"]
[Result "1/2-1/2"]
[Board "2"]
[WhiteFideId "30940109"]
[WhiteElo "2003"]
[WhiteCountry "USA"]
[WhiteEloChange "-5"]
[BlackFideId "30912164"]
[BlackElo "1824"]
[BlackCountry "USA"]
[BlackEloChange "5"]

1. d4 {[%clk 1:57:49]} d5 {[%clk 1:56:34]} 2. c4 {[%clk 1:57:49]} c6 {[%clk
1:56:34]} 3. Nf3 {[%clk 1:57:49]} Nf6 {[%clk 1:56:34]} 4. Nc3 {[%clk 1:57:49]}
dxc4 {[%clk 1:56:34]} 5. a4 {[%clk 1:57:49]} Bf5 {[%clk 1:56:32]} 6. e3 {[%clk
1:55:51]} e6 {[%clk 1:56:20]} 7. Bxc4 {[%clk 1:55:26]} Nbd7 {[%clk 1:56:06]} 8.
O-O {[%clk 1:55:25]} Bb4 {[%clk 1:56:03]} 9. Qe2 {[%clk 1:55:16]} Ne4 {[%clk
1:54:38]} 10. Nxe4 {[%clk 1:44:45]} Bxe4 {[%clk 1:54:38]} 11. Nd2 {[%clk
1:44:45]} Bg6 {[%clk 1:54:12]} 12. Rd1 {[%clk 1:40:55]} O-O {[%clk 1:49:28]} 13.
Nf3 {[%clk 1:39:15]} Bh5 {[%clk 1:45:12]} 14. e4 {[%clk 1:37:03]} Qe7 {[%clk
1:37:56]} 15. Bd2 {[%clk 1:14:13]} Bxd2 {[%clk 1:36:31]} 16. Rxd2 {[%clk
1:14:13]} c5 {[%clk 1:31:12]} 17. Qe3 {[%clk 1:12:21]} Bxf3 {[%clk 1:29:04]} 18.
Qxf3 {[%clk 1:12:15]} cxd4 {[%clk 1:28:33]} 19. Rxd4 {[%clk 1:11:51]} Ne5 {[%clk
1:26:59]} 20. Qe2 {[%clk 1:11:25]} Rfd8 {[%clk 1:23:17]} 21. Rxd8+ {[%clk
1:02:59]} Rxd8 {[%clk 1:19:44]} 22. b3 {[%clk 1:02:07]} Qb4 {[%clk 1:15:24]} 23.
h3 {[%clk 1:01:48]} h6 {[%clk 1:12:23]} 24. Rc1 {[%clk 0:57:02]} Rc8 {[%clk
1:04:28]} 25. f4 {[%clk 0:52:35]} Nxc4 {[%clk 1:02:33]} 26. Rxc4 {[%clk 0:52:07]}
Rxc4 {[%clk 1:02:22]} 27. Qxc4 {[%clk 0:51:30]} Qxc4 {[%clk 1:01:12]} 1/2-1/2

[Event "US Amateur Team West Championship"]
[Site "chess24.com"]
[Date "2020.02.17"]
[Round "5"]
[White "Han, Jacob"]
[Black "Ai, Evan"]
[Result "0-1"]
[Board "3"]
[WhiteFideId "30915848"]
[WhiteElo "1573"]
[WhiteCountry "USA"]
[WhiteEloChange "-4"]
[BlackFideId "2094770"]
[BlackElo "1794"]
[BlackCountry "USA"]
[BlackEloChange "4"]

1. c4 {[%clk 1:56:36]} e5 {[%clk 1:59:53]} 2. g3 {[%clk 1:56:36]} h5 {[%clk
1:59:51]} 3. h4 {[%clk 1:56:35]} Nf6 {[%clk 1:59:48]} 4. Bg2 {[%clk 1:56:30]} Nc6
{[%clk 1:59:48]} 5. Nc3 {[%clk 1:56:28]} Bc5 {[%clk 1:59:41]} 6. Nf3 {[%clk
1:52:15]} d6 {[%clk 1:58:55]} 7. a3 {[%clk 1:48:42]} a6 {[%clk 1:58:55]} 8. b4
{[%clk 1:47:00]} Ba7 {[%clk 1:58:55]} 9. d3 {[%clk 1:45:57]} Bg4 {[%clk 1:55:02]}
10. Bg5 {[%clk 1:40:06]} Ne7 {[%clk 1:52:54]} 11. Bxf6 {[%clk 1:26:25]} gxf6
{[%clk 1:52:54]} 12. Nh2 {[%clk 1:21:02]} c6 {[%clk 1:51:52]} 13. Nxg4 {[%clk
1:20:12]} hxg4 {[%clk 1:51:32]} 14. e3 {[%clk 1:17:05]} f5 {[%clk 1:42:25]} 15.
d4 {[%clk 1:08:00]} exd4 {[%clk 1:30:51]} 16. exd4 {[%clk 1:07:57]} f4 {[%clk
1:27:12]} 17. Qxg4 {[%clk 1:07:43]} Bxd4 {[%clk 1:27:06]} 18. Rc1 {[%clk
1:07:43]} Be5 {[%clk 1:24:23]} 19. gxf4 {[%clk 1:01:59]} Rg8 {[%clk 1:19:37]} 20.
Qf3 {[%clk 1:01:54]} Bh8 {[%clk 1:18:11]} 21. Bh3 {[%clk 0:52:10]} f5 {[%clk
1:01:38]} 22. Bxf5 {[%clk 0:47:41]} Nxf5 {[%clk 1:01:38]} 23. Qh5+ {[%clk
0:47:38]} Kd7 {[%clk 1:01:38]} 24. Qxf5+ {[%clk 0:47:38]} Kc7 {[%clk 1:01:38]}
25. Kd2 {[%clk 0:43:18]} Bxc3+ {[%clk 1:00:05]} 26. Rxc3 {[%clk 0:42:44]} Rg2
{[%clk 0:59:57]} 27. Qf7+ {[%clk 0:42:01]} Kb6 {[%clk 0:59:17]} 28. Ke2 {[%clk
0:41:28]} Qh8 {[%clk 0:58:37]} 29. c5+ {[%clk 0:41:07]} Ka7 {[%clk 0:58:37]} 30.
Qb3 {[%clk 0:39:41]} Qd4 {[%clk 0:56:46]} 31. Rf1 {[%clk 0:35:06]} Qxf4 {[%clk
0:53:38]} 32. cxd6 {[%clk 0:33:17]} Qxd6 {[%clk 0:53:38]} 33. Qc4 {[%clk
0:20:11]} Rh8 {[%clk 0:41:29]} 34. Re3 {[%clk 0:17:05]} Rg7 {[%clk 0:38:11]} 35.
Rd1 {[%clk 0:13:46]} Qc7 {[%clk 0:35:17]} 36. Qd4+ {[%clk 0:09:06]} Ka8 {[%clk
0:34:37]} 37. Rg1 {[%clk 0:08:45]} Rgh7 {[%clk 0:33:55]} 38. Rg4 {[%clk 0:07:26]}
Rd8 {[%clk 0:33:38]} 39. Qe4 {[%clk 0:05:04]} Rhd7 {[%clk 0:33:04]} 40. Kf3
{[%clk 0:01:27]} Qh2 {[%clk 0:31:47]} 41. Qf4 {[%clk 0:20:46]} Qh1+ {[%clk
0:00:01]} 0-1

[Event "US Amateur Team West Championship"]
[Site "chess24.com"]
[Date "2020.02.17"]
[Round "5"]
[White "Xiong, Andy"]
[Black "Jiang, Leo"]
[Result "1/2-1/2"]
[Board "4"]
[WhiteFideId "30939240"]
[WhiteElo "1634"]
[WhiteCountry "USA"]
[WhiteEloChange "-1"]
[BlackFideId "30952140"]
[BlackElo "1592"]
[BlackCountry "USA"]
[BlackEloChange "1"]

1. f4 {[%clk 1:55:59]} d5 {[%clk 1:58:03]} 2. Nf3 {[%clk 1:55:53]} Nf6 {[%clk
1:57:56]} 3. g3 {[%clk 1:55:38]} e6 {[%clk 1:57:20]} 4. Bg2 {[%clk 1:55:17]} Bd6
{[%clk 1:56:59]} 5. O-O {[%clk 1:55:08]} O-O {[%clk 1:56:26]} 6. h3 {[%clk
1:54:27]} Nbd7 {[%clk 1:55:23]} 7. d4 {[%clk 1:53:52]} c5 {[%clk 1:55:20]} 8. c3
{[%clk 1:53:47]} Ne4 {[%clk 1:43:35]} 9. Kh2 {[%clk 1:47:33]} Qc7 {[%clk
1:42:26]} 10. Nbd2 {[%clk 1:38:10]} Ndf6 {[%clk 1:32:41]} 11. Ne5 {[%clk
1:33:55]} Nxd2 {[%clk 1:28:48]} 12. Qxd2 {[%clk 1:26:55]} cxd4 {[%clk 1:27:10]}
13. Qxd4 {[%clk 1:25:28]} Bd7 {[%clk 1:22:01]} 14. Be3 {[%clk 1:18:04]} Bc6
{[%clk 1:20:46]} 15. Rad1 {[%clk 1:13:32]} Rfd8 {[%clk 1:12:02]} 16. h4 {[%clk
1:09:43]} Bxe5 {[%clk 1:09:13]} 17. fxe5 {[%clk 1:07:48]} Qxe5 {[%clk 1:09:12]}
18. Bh3 {[%clk 1:01:39]} Qxd4 {[%clk 1:07:30]} 19. Bxd4 {[%clk 1:01:30]} Ne4
{[%clk 1:07:11]} 20. Bg2 {[%clk 0:58:19]} Bb5 {[%clk 1:04:54]} 21. Bxe4 {[%clk
0:56:54]} dxe4 {[%clk 0:59:34]} 22. Rde1 {[%clk 0:52:46]} f6 {[%clk 0:59:12]} 23.
b3 {[%clk 0:50:07]} b6 {[%clk 0:58:13]} 24. Be3 {[%clk 0:49:58]} Rac8 {[%clk
0:55:48]} 25. c4 {[%clk 0:49:56]} Bc6 {[%clk 0:55:39]} 26. Rd1 {[%clk 0:49:41]}
Bb7 {[%clk 0:55:04]} 27. Kg2 {[%clk 0:48:26]} Kf7 {[%clk 0:52:31]} 28. Kf2 {[%clk
0:48:09]} Ke7 {[%clk 0:51:55]} 29. a4 {[%clk 0:46:39]} Rxd1 {[%clk 0:48:55]} 30.
Rxd1 {[%clk 0:46:35]} Rd8 {[%clk 0:48:52]} 31. Ra1 {[%clk 0:45:13]} Kd7 {[%clk
0:47:20]} 1/2-1/2